Masked Singer Winners Around The World - Statistics

General Stats
  • This quiz has been taken 117 times
  • The average score is 13 of 46
Answer Stats
Hint Answer % Correct
Jewel
“Queen Of Hearts”
USA 6th
70%
Anastacia
“Vampire”
Australia 3rd
53%
Nicola Roberts
"Queen Bee”
United Kingdom 1st
53%
Joss Stone
“Sausage”
United Kingdom 2nd
53%
T-Pain
“Monster”
USA 1st
53%
Wayne Brady
“Fox"
USA 2nd
50%
LeAnn Rimes
"Sun"
USA 4th
47%
Cody Simpson
“Robot”
Australia 1st
40%
Jason Kerrison
“Tuatara”
New Zealand
40%
Tom Beck
“Sloth”
Germany 2nd
37%
Vadhir Derbez
“Chameleon”
Mexico
37%
Teyana Taylor
“Firefly”
USA 7th
37%
Nick Lachey
“Piglet”
USA 5th
33%
Melody Thornton
“Mirrorball”
Australia 4th
30%
Sandra Pires
“Baby Elephant”
Austria
30%
Wilfred Le Bouthillier and
Marie-Élaine Thibert
“Inseparables”
Canada
30%
Sasha
“Dinosaur”
Germany 4th
30%
Daniel Donskoy
"Mole"
Germany 7th
30%
Natalie Imbruglia
“Panda”
United Kingdom 3rd
30%
Red Canzian
“Parrot”
Italy
27%
Daniel Norberg
“Gumball Machine”
Sweden
27%
Marcus and Martinus
“Fiddler”
Sweden 2nd
27%
Kandi Burruss
“Night Angel”
USA 3rd
27%
Camille
“Miss Kitty”
Belgium
23%
Tzachi Halevy
“Rooster”
Israel
23%
Tanont Chumroen
“Little Duck”
Thailand 4th
23%
Amaury Vassili
“Turtle”
France 1st
20%
Renos Haralambidis
“Minotaur”
Greece
20%
Joaquín Cortés
“Hedgehog”
Spain
20%
Daniela Castillo
“Doll”
Chile
17%
Juanse Quintero
“Fox”
Colombia
17%
Stefan Airapetjan
“Ram”
Estonia
17%
Anna-Maija Tuokko
“Superhero”
Finland
17%
Alexander Klaws
“Trash Monster”
Germany
17%
Sarah Lombardi “Skeleton” Germany 3nd
17%
Natasza Urbańska
“Rain”
Poland
17%
JONY
“Crocodile”
Russia
17%
Zlata Ognevic
“Sun”
Ukraine
17%
Zsa Zsa
“Jellyfish”
Croatia
13%
Silas Holst
“Egg Food”
Denmark 1st
13%
Aleko Begalishvili
“Hippopotamus”
Georgia
13%
Sivakorn Adulsuttikul and
Jackrin Kungwankiatichai
“Holvichai & Kavee”
Thailand 7th
13%
Anna Tsuchiya
“Bird”
Japan
10%
Ritschi
“Mammoth”
Switzerland
10%
Özge Borak
“Lion”
Turkey
10%
Baschi
“Marmot”
Romania
7%
No matching quizzes found
Score Distribution
Percent of People with Each Score
Percentile by Number Answered
Your Score History
You have not taken this quiz